An Investigation of the Motion of Impact Dampers : Paper I - Theory of the Fundamental Impact Motion

Bibliographic Details
Main Author: Peterka, F. (Author)
Format: Article
Language:English

MARC

LEADER 00000nab a2200000uu 4500
001 vtls011457256
003 SK-MaSNL
005 20260303151627.0
008 230222|1970 xo |||||||||||||||||eng|
015 |a SNBRB 
035 |a (urnnbn)urn:nbn:sk:snk:ar-a09ub2 
035 |a (uuid)29462e01-0144-4800-803c-3fbf20657828 
035 |a urn:nbn:sk:snk-abcrvz 
040 |a SNKBUCL  |b slo  |c SNKBUCL  |e AACR2 
041 0 |a eng 
044 |a xo  |c SK 
100 1 |a Peterka, F.  |4 aut  |9 1171421 
245 1 0 |a An Investigation of the Motion of Impact Dampers :  |b Paper I - Theory of the Fundamental Impact Motion  |c F. Peterka 
773 0 |t Strojnícky časopis  |g Roč. 21, č. 5 (1970), s. 457-478 
958 |a OND 
958 |a EUIPO 
958 |a article16 
999 |c 2018641  |d 2020571